[Event "SUI-ch U14"]
[Site "St Ursanne"]
[Date "2011.06.30"]
[Round "1"]
[White "Zuest, Leonard"]
[Black "Kuenzi, Anton"]
[Result "1-0"]
[WhiteElo "1944"]
[BlackElo "1693"]
[PlyCount "77"]
[EventDate "2011.06.30"]
[EventType "swiss"]
[EventRounds "7"]
[EventCountry "SUI"]
[SourceTitle "EXT 2012"]
[Source "ChessBase"]
[SourceDate "2011.11.24"]
[SourceVersion "1"]
[SourceVersionDate "2011.11.24"]
[SourceQuality "1"]

1. e4 e5 2. Nf3 Nf6 3. Nxe5 d6 4. Nf3 Nxe4 5. Nc3 Nxc3 6. dxc3 Nc6 7. Bf4 Bg4 8. Bc4 Qf6 9. Qe2+ Be7 10. Qe3 Bxf3 11. Qxf3 g5 12. Bb5 0-0 13. Bxc6 bxc6 14. Be3 Qxf3 15. gxf3 Rab8 16. 0-0-0 Rb5 17. Rhg1 f6 18. f4 h6 19. fxg5 fxg5 20. c4 Ra5 21. Kb1 Rb8 22. h4 Kh7 23. hxg5 Bxg5 24. Bd4 Rf5 25. Bxa7 Rb4 26. Bd4 c5 27. c3 Rxc4 28. b3 cxd4 29. bxc4 dxc3 30. Rd3 Bd2 31. f3 Rc5 32. Rg4 d5 33. Rxd5 Rc6 34. c5 Re6 35. Rd7+ Kh8 36. Re4 Rxe4 37. fxe4 h5 38. Rd5 h4 39. Rh5+ 1-0

[Event "Zuerich op-B 34th"]
[Site "Zuerich"]
[Date "2010.12.29"]
[Round "6"]
[White "Stucki, Kaspar"]
[Black "Zuest, Leonard"]
[Result "1-0"]
[WhiteElo "1958"]
[BlackElo "1785"]
[PlyCount "61"]
[EventDate "2010.12.26"]
[EventType "swiss"]
[EventRounds "7"]
[EventCountry "SUI"]
[SourceTitle "CBM 140 Extra"]
[Source "ChessBase"]
[SourceDate "2011.03.01"]
[SourceVersion "1"]
[SourceVersionDate "2011.03.01"]
[SourceQuality "1"]

1. e4 e5 2. Nf3 Nc6 3. Bb5 a6 4. Ba4 Nf6 5. 0-0 b5 6. Bb3 Bc5 7. Nxe5 Nxe5 8. d4 Nfg4 9. h3 h5 10. dxc5 a5 11. f4 Nc6 12. hxg4 Qh4 13. g5 Ne7 14. a4 Bb7 15. Qe2 b4 16. Bd2 Ba6 17. Bc4 Bxc4 18. Qxc4 Qg4 19. Qd3 h4 20. Qf3 Qe6 21. e5 Ra6 22. f5 Qxe5 23. f6 gxf6 24. gxf6 h3 25. fxe7 Qxc5+ 26. Be3 Qxe7 27. g3 d5 28. Nd2 Rg8 29. Rae1 Kd8 30. Qxd5+ Kc8 31. Bf4 1-0

[Event "SUI-ch U14"]
[Site "Belp"]
[Date "2010.07.04"]
[Round "7"]
[White "Zuest, Leonard"]
[Black "Kuenzi, Anton"]
[Result "1-0"]
[WhiteElo "1797"]
[BlackElo "1619"]
[PlyCount "79"]
[EventDate "2010.06.29"]
[EventType "swiss"]
[EventRounds "7"]
[EventCountry "SUI"]
[SourceTitle "EXT 2012"]
[Source "ChessBase"]
[SourceDate "2011.11.24"]
[SourceVersion "1"]
[SourceVersionDate "2011.11.24"]
[SourceQuality "1"]

1. e4 e5 2. Nf3 Nf6 3. Nc3 Nc6 4. Bc4 Bb4 5. d3 d6 6. a3 Ba5 7. 0-0 Bg4 8. Be3 Bxc3 9. bxc3 Na5 10. Ba2 d5 11. exd5 Nxd5 12. Bd2 Nc6 13. h3 Bh5 14. c4 Nb6 15. g4 Bg6 16. Re1 f6 17. c5 Na4 18. Be3 Nc3 19. Qd2 Nxa2 20. Nh4 f5 21. Bg5 Qd4 22. Be3 Qb2 23. Reb1 Qxa3 24. Rb3 Qa4 25. Rb2 f4 26. Raxa2 fxe3 27. fxe3 Qxa2 28. Rxa2 Bf7 29. Rb2 0-0-0 30. Qe1 Rd5 31. Qb1 b6 32. cxb6 cxb6 33. Rb5 Rd7 34. Nf5 g6 35. Ng3 Rhd8 36. Ne4 Bc4 37. Rb2 Be6 38. Nc3 Rf7 39. Ne4 Rff8 40. Qa1 1-0

[Event "SUI-ch U14"]
[Site "Belp"]
[Date "2010.07.04"]
[Round "6"]
[White "Zuest, Leonard"]
[Black "Retti, Ivan"]
[Result "0-1"]
[WhiteElo "1797"]
[BlackElo "1932"]
[PlyCount "94"]
[EventDate "2010.06.29"]
[EventType "swiss"]
[EventRounds "7"]
[EventCountry "SUI"]
[SourceTitle "EXT 2012"]
[Source "ChessBase"]
[SourceDate "2011.11.24"]
[SourceVersion "1"]
[SourceVersionDate "2011.11.24"]
[SourceQuality "1"]

1. e4 c5 2. Nf3 e6 3. d4 cxd4 4. Nxd4 Nc6 5. Nc3 d6 6. Be3 Be7 7. Qd2 Nf6 8. f3 0-0 9. g4 d5 10. exd5 Nxd5 11. Nxd5 Qxd5 12. Nxc6 Qxc6 13. 0-0-0 Qxf3 14. Be2 Qc6 15. h4 e5 16. h5 Qa4 17. Kb1 Be6 18. b3 Qb4 19. Qxb4 Bxb4 20. Bf3 Rfb8 21. g5 a5 22. a4 Ra6 23. Be4 b6 24. g6 f5 25. Bd5 Bxd5 26. gxh7+ Kxh7 27. Rxd5 Re8 28. Bg5 Ra7 29. Rf1 Rf7 30. Be3 Re6 31. Kc1 f4 32. Bd2 Bxd2+ 33. Kxd2 Rf5 34. Kd3 Rxh5 35. Ke4 Kg6 36. Rg1+ Kf6 37. Rd3 Rh2 38. c3 Re2+ 39. Kd5 e4 40. Rd4 g5 41. Rf1 f3 42. b4 g4 43. bxa5 bxa5 44. Rdd1 g3 45. Rg1 Re8 46. Kc4 f2 47. Rxg3 Re1 0-1

[Event "Zuerich op-B 33rd"]
[Site "Zuerich"]
[Date "2009.12.26"]
[Round "1"]
[White "Zuest, Leonard"]
[Black "Albicker, Laurenz"]
[Result "1-0"]
[WhiteElo "1768"]
[BlackElo "1328"]
[PlyCount "29"]
[EventDate "2009.12.26"]
[EventType "swiss"]
[EventRounds "7"]
[EventCountry "SUI"]
[SourceTitle "EXT 2019"]
[Source "ChessBase"]
[SourceDate "2018.10.10"]
[SourceVersion "1"]
[SourceVersionDate "2018.10.10"]
[SourceQuality "1"]

1. e4 e5 2. Nf3 Nf6 3. Nxe5 d6 4. Nf3 Nxe4 5. d4 Nf6 6. Nc3 d5 7. Bd3 Bd6 8. Bg5 0-0 9. Nxd5 Nbd7 10. 0-0 c6 11. Nxf6+ Nxf6 12. Ne5 Be6 13. f4 Be7 14. Kh1 Qxd4 15. Bxh7+ 1-0